| 000 | 02510nam a22003853i 4500 | ||
|---|---|---|---|
| 001 | EBC6748048 | ||
| 003 | MiAaPQ | ||
| 005 | 20220208171629.0 | ||
| 007 | cr cnu|||||||| | ||
| 008 | 220125s2021 xx o ||||0 ger d | ||
| 020 |
_a9783835347663 _q(electronic bk.) |
||
| 020 | _z9783835339262 | ||
| 040 |
_aMiAaPQ _bger _cMiAaPQ |
||
| 100 | 1 |
_aTübke, Werner. _91322 _4aut _eVerfasser |
|
| 245 | 1 | 0 |
_a"Wer bin ich?" : _bBriefe an einen Freund. _cWerner Tübke ; mit Essays von Eduard Beaucamp und Golo Mann ; herausgegeben von Matthias Bormuth und Annika Michalski unter Mitarbeit von Malte Maria Unverzagt |
| 264 | 1 |
_aGöttingen : _bWallstein Verlag, _c2021. |
|
| 264 | 4 | _c{copy}2021. | |
| 300 | _a1 online resource (225 pages) | ||
| 336 |
_aText _btxt _2rdacontent |
||
| 337 |
_aComputermedien _bc _2rdamedia |
||
| 338 |
_aOnline Resource _bcr _2rdacarrier |
||
| 500 | _aE-Book-ProQuest / Fernzugriff nach Registrierung möglich | ||
| 505 | 0 | _aUmschlag -- Titel -- Inhalt -- Vorwort -- I. -- Eduard Beaucamp: Geschichte einer Leidenschaft. Auf den Spuren von Werner Tübke -- Werner Tübke: »Wer bin ich?« Briefe an Eduard Beaucamp -- Eduard Beaucamp: »Liebes- und Exegetenmüh«. Antwort-Brief an Werner Tübke -- II. -- Werner Tübke: Fragebogen -- Kommentar zur Friedlichen Revolution -- Golo Mann: Bad Frankenhausen. Erster Besuch im Panorama-Gebäude -- Eduard Beaucamp: Auch ein Gipfel -- Reise ins Innere der Geschichte -- Zwischen allen Zeiten -- Eine alchemistische Phantasie -- Die Kunst der Erinnerung -- Der Abschied -- Im Kreuzfeuer des deutschen Bilderstreits -- III. -- Annika Michalski: Verschwinden, um zu bleiben. Die späten Selbstbildnisse Werner Tübkes -- Matthias Bormuth: »Ich brauche meine Einsamkeit!« Werner Tübke in seinen Tagebüchern -- Nachweise -- Dank -- Impressum. | |
| 600 | 1 |
_aTübke, Werner _91322 |
|
| 655 | 4 | _aElectronic books. | |
| 655 |
_aFernzugriff _9230 |
||
| 700 | 1 |
_aBormuth, Matthias. _91323 _4edt _eHerausgeberIn |
|
| 700 | 1 |
_aMichalski, Annika. _91324 _4edt _eHerausgeberIn |
|
| 700 | 1 |
_aUnverzagt, Malte Maria. _91325 _4ctr _eVertragspartnerIn |
|
| 700 | 1 |
_aBeaucamp, Eduard. _91326 _4wst _eVerfasserIn eines Vorworts |
|
| 700 | 1 |
_aMan, Golo. _91327 _4wst _eVerfasserIn eines Vorworts |
|
| 776 | 0 | 8 |
_iPrint version: _aTübke, Werner _t"Wer bin ich?" _dGöttingen : Wallstein Verlag,c2021 _z9783835339262 |
| 856 | 4 | 0 |
_uhttps://ebookcentral.proquest.com/lib/maxweberstiftung-ebooks/detail.action?docID=6748048 _zVolltext |
| 942 |
_cEB _2z |
||
| 999 |
_c58924 _d58924 |
||